LEADER 00964nam a2200205 i 4500 001 991001679289707536 005 20020507150448.0 008 991102s1961 gr ||| | fre 035 $ab11548290-39ule_inst 035 $aLE02723089$9ExL 040 $aDip.to Studi Giuridici$bita 100 1 $aBabacos, Antoine M.$0194657 245 10$aActes d'aliénation en commun et autres phénoménes apparentés d'aprés le droit de la thessalie antique :$bcontribution à l'étude de la comproprieté familiale chez les anciens grecs /$cM. Antoine Babacos 260 $aAtene :$c1961 907 $a.b11548290$b02-04-14$c02-07-02 912 $a991001679289707536 945 $aLE027 ARCHI M 85$g1$iLE027-3982$lle027$o-$pE0.00$q-$rl$s- $t0$u0$v0$w0$x0$y.i11747699$z02-07-02 996 $aActes d'aliénation en commun et autres phénomènes apparentés d'aprés le droit de la Thessalie antique$9522552 997 $aUNISALENTO 998 $ale027$b01-01-99$cm$da $e-$ffre$ggr $h0$i1 LEADER 02925oam 2200769zu 450 001 9910220100303321 005 20210807000937.0 010 $a0-8330-8466-6 035 $a(CKB)2560000000315347 035 $a(SSID)ssj0001400696 035 $a(PQKBManifestationID)12545525 035 $a(PQKBTitleCode)TC0001400696 035 $a(PQKBWorkID)11344284 035 $a(PQKB)11337147 035 $a(oapen)doab115259 035 $a(EXLCZ)992560000000315347 100 $a20160829d2013 uy 101 0 $aeng 135 $aurmn|---annan 181 $ctxt 182 $cc 183 $acr 200 10$aToward integrated DoD biosurveillance : assessment and opportunities 210 $cRAND Corporation$d2013 210 31$a[Place of publication not identified]$cRand Corporation$d2013 215 $a1 online resource 225 0 $aResearch report Toward integrated DoD biosurveillance 300 $aBibliographic Level Mode of Issuance: Monograph 311 08$a0-8330-8151-9 330 $aIn the context of the 2012 National Strategy for Biosurveillance, the Office of Management and Budget asked the Department of Defense (DoD) to review its biosurveillance programs. DoD biosurveillance supports three strategic missions and four desired outcomes. More near-real-time analysis and better internal and external integration could enhance its performance and value. Improvements are needed in key enablers, including funding. 606 $aPublic health surveillance$xPrevention$zUnited States 606 $aBioterrorism$zUnited States$xPrevention 606 $aCommunicable diseases$zUnited States 606 $aPopulation Surveillance 606 $aPublic Health Practice 606 $aPublic Health 606 $aEnvironment and Public Health 606 $aDelivery of Health Care 606 $aBiosurveillance 606 $aPublic Health$2HILCC 606 $aHealth & Biological Sciences$2HILCC 606 $aEpidemiology & Epidemics$2HILCC 607 $aUnited States$xArmed Forces$xMedical care 615 0$aPublic health surveillance$xPrevention 615 0$aBioterrorism$xPrevention. 615 0$aCommunicable diseases 615 2$aPopulation Surveillance. 615 2$aPublic Health Practice. 615 2$aPublic Health. 615 2$aEnvironment and Public Health. 615 2$aDelivery of Health Care. 615 2$aBiosurveillance. 615 7$aPublic Health 615 7$aHealth & Biological Sciences 615 7$aEpidemiology & Epidemics 700 $aMoore$b Melinda$0863715 702 $aFisher$b Gail 702 $aFisher$b Gail 702 $aStevens$b Clare 702 $aStevens$b Clare 712 02$aRand Corporation 712 02$aUnited States 801 0$bPQKB 906 $aBOOK 912 $a9910220100303321 996 $aToward integrated DoD biosurveillance : assessment and opportunities$92880114 997 $aUNINA